Statistics for Top 15 Most Populous Countries in Europe

Click here to take the quiz!

General Stats

  • This quiz has been taken 80 times
    (35 since last reset)
  • The average score is 14 of 15

Answer Stats

RankPopulationCountry% Correct
467.9 milFrance
100%
283.3 milGermany
100%
1107 milRussia
100%
647.5 milSpain
100%
368.2 milUnited Kingdom
100%
1410.3 milGreece
97%
558.8 milItaly
97%
740.6 milPoland
97%
1510.2 milPortugal
94%
919.8 milRomania
94%
837.3 milUkraine
94%
1210.6 milSweden
91%
1017.6 milNetherlands
86%
1111.7 milBelgium
80%
1310.5 milCzechia
80%

Score Distribution

Percentile by Number Answered

Percent of People with Each Score

Your Score History

You have not taken this quiz since the last reset